LEADER 00859cam0 2200241 450 001 E600200050523 005 20210913105105.0 100 $a20090622d1994 |||||ita|0103 ba 101 $afre 102 $aFR 200 1 $aCes livres qu’on ne lit que d’une main$electure et lecteurs de livres pornographiques au XVIIIe sieÌcle$fJean Marie Goulemot 210 $a[Paris]$cMinerve$dc1994 215 $a186 p.$d21 cm 700 1$aGoulemot$b, Jean Marie$3A600200044188$4070$0457214 801 0$aIT$bUNISOB$c20210913$gRICA 850 $aUNISOB 852 $aUNISOB$j840$m145246 912 $aE600200050523 940 $aM 102 Monografia moderna SBN 941 $aM 957 $a840$b001577$gSi$d145246$racquisto$1catenacci$2UNISOB$3UNISOB$420090622085718.0$520151119150609.0$6Alfano 996 $aCes livres qu’on ne lit que d’une main$91707970 997 $aUNISOB LEADER 02009nam 2200601 a 450 001 9910456574203321 005 20210114064348.0 010 $a0-8018-9680-0 035 $a(CKB)2520000000007621 035 $a(OCoLC)661001158 035 $a(OCoLC)574633094 035 $a(CaPaEBR)ebrary10363202 035 $a(SSID)ssj0000340220 035 $a(PQKBManifestationID)11269220 035 $a(PQKBTitleCode)TC0000340220 035 $a(PQKBWorkID)10364773 035 $a(PQKB)11444765 035 $a(MiAaPQ)EBC3318462 035 $a(EXLCZ)992520000000007621 100 $a20150424d2008 uy| 0 101 0 $aeng 135 $aur|||---||||| 181 $ctxt$2rdacontent 182 $cc$2rdamedia 183 $acr$2rdacarrier 200 10$aMatrix computations and semiseparable matrices$hVolume II$iEigenvalue and singular value methods$b[electronic resource] /$fRaf Vandebril, Marc Van Barel, Nicola Mastronardi 210 $aBaltimore, MD $cJohns Hopkins University Press$d2008 210 $aBaltimore, MD, USA$cJohns Hopkins University Press$d20081101 210 $cJohns Hopkins University Press 215 $a1 online resource (515 p.) 300 $aBibliographic Level Mode of Issuance: Monograph 311 $a0-8018-9052-7 320 $aIncludes bibliographical references (pages 471-486) and index. 606 $aMATHEMATICS$2bisac 606 $aSemiseparable matrices 606 $aMatrices$xData processing 606 $aNumerical analysis 606 $aMatrices$2bisac 615 7$aMATHEMATICS 615 0$aSemiseparable matrices. 615 0$aMatrices$xData processing. 615 0$aNumerical analysis. 615 7$aMatrices 676 $a512.9434 700 $aVandebril$b Raf$0924119 702 $aBarel$b Marc van$f1960- 702 $aMastronardi$b Nicola 801 0$bPQKB 801 2$bAzTeS 906 $aBOOK 912 $a9910456574203321 996 $aMatrix computations and semiseparable matrices$92073948 997 $aUNINA